<?xml version="1.0" encoding="UTF-8"?>
<record
    xmlns:xsi="http://www.w3.org/2001/XMLSchema-instance"
    xsi:schemaLocation="http://www.loc.gov/MARC21/slim http://www.loc.gov/standards/marcxml/schema/MARC21slim.xsd"
    xmlns="http://www.loc.gov/MARC21/slim">

  <leader>00708nam a22002057a 4500</leader>
  <controlfield tag="005">20180620114742.0</controlfield>
  <datafield tag="010" ind1=" " ind2=" ">
    <subfield code="a">ENG-123249</subfield>
  </datafield>
  <datafield tag="020" ind1=" " ind2=" ">
    <subfield code="a">9780199483617</subfield>
    <subfield code="c">995.00</subfield>
  </datafield>
  <datafield tag="035" ind1=" " ind2=" ">
    <subfield code="a">EN-106781</subfield>
  </datafield>
  <datafield tag="037" ind1=" " ind2=" ">
    <subfield code="b">DBAD/PUB</subfield>
  </datafield>
  <datafield tag="082" ind1=" " ind2=" ">
    <subfield code="a">347.5409</subfield>
  </datafield>
  <datafield tag="245" ind1=" " ind2=" ">
    <subfield code="a">Alternative dispute resolution:</subfield>
    <subfield code="c">edited by Shashank Garg [and] Ajit Prakash Shah</subfield>
    <subfield code="b">the Indian perspective /</subfield>
  </datafield>
  <datafield tag="260" ind1=" " ind2=" ">
    <subfield code="a">New Delhi</subfield>
    <subfield code="b">Oxford University Press</subfield>
    <subfield code="c">2018</subfield>
  </datafield>
  <datafield tag="270" ind1=" " ind2=" ">
    <subfield code="a">2/18 Ground floor, Ansari road, Daryaganj,</subfield>
    <subfield code="b">New Delhi</subfield>
    <subfield code="e">110002</subfield>
  </datafield>
  <datafield tag="300" ind1=" " ind2=" ">
    <subfield code="a">450p.</subfield>
    <subfield code="c">22cm(Hb)</subfield>
  </datafield>
  <datafield tag="500" ind1=" " ind2=" ">
    <subfield code="a">it includes bibliographical references and index</subfield>
  </datafield>
  <datafield tag="700" ind1=" " ind2=" ">
    <subfield code="a">Garg, Shashank</subfield>
  </datafield>
  <datafield tag="700" ind1=" " ind2=" ">
    <subfield code="a">Shah, Ajit Prakash</subfield>
  </datafield>
  <datafield tag="942" ind1=" " ind2=" ">
    <subfield code="2">ddc</subfield>
    <subfield code="c">EN</subfield>
    <subfield code="m">GAR</subfield>
    <subfield code="h">347.5409</subfield>
  </datafield>
  <datafield tag="999" ind1=" " ind2=" ">
    <subfield code="c">152818</subfield>
    <subfield code="d">152818</subfield>
  </datafield>
  <datafield tag="952" ind1=" " ind2=" ">
    <subfield code="0">0</subfield>
    <subfield code="1">0</subfield>
    <subfield code="4">0</subfield>
    <subfield code="7">1</subfield>
    <subfield code="8">NFIC</subfield>
    <subfield code="a">DBAD</subfield>
    <subfield code="b">BN</subfield>
    <subfield code="d">2018-06-19</subfield>
    <subfield code="e">DBAD/PUB</subfield>
    <subfield code="g">995.00</subfield>
    <subfield code="l">0</subfield>
    <subfield code="o">347.5409 GAR</subfield>
    <subfield code="p">EN-106781</subfield>
    <subfield code="r">2018-06-19 00:00:00</subfield>
    <subfield code="t">1</subfield>
    <subfield code="v">995.00</subfield>
    <subfield code="y">EN</subfield>
  </datafield>
</record>
